000 00735cam5a220021700 4500
001 tmp15751172
003 UPRA
005 20190816104238.0
008 951019m19521953rh eng u
035 _a(Sirsi) r40544
035 _a(UPRA)tmp15751172
040 _cUPRA
100 1 _aGussman, B. W.
_6A101308.1
245 1 0 _aAfrican life in an urban area :
_ba study of the African population of Bulawayo.
260 _aBulawayo :
_bFederation of African Welfare Societies in Southern Rhodesia,
_c1952-1953.
504 _aBibliography: pt. 2, p. 317.
650 0 _aCity and town life.
_6S24214.1
949 _aHT148
_wlcc
_i33729005813816
_mMAIN
_tBOOK
_lON-SHELF
949 _aHT148
_wlcc
_i-49257
_mMAIN
_tBOOK
_lON-SHELF
004 40544
999 _c88105
_d88105